[Event "First Saturday FM-A Oct 2013"]
[Site "Budapest"]
[Date "2013.10.05"]
[Round "1.1"]
[White "Bohus, Adam"]
[Black "Krstulovic, Alex"]
[Result "1-0"]
[WhiteElo "1937"]
[BlackElo "1975"]
[PlyCount "65"]
[EventDate "2013.10.05"]

1. d4 Nf6 2. c4 e6 3. Nc3 Bb4 4. e3 O-O 5. Bd3 c5 6. Nf3 d5 7. O-O dxc4 8. Bxc4
cxd4 9. exd4 b6 10. Bg5 Bb7 11. Rc1 Nbd7 12. Qe2 Rc8 13. Ne5 Bxc3 14. Rxc3 Rc7
15. Rg3 Re8 16. Nxd7 Rxd7 17. Bb5 Kf8 18. Bxf6 gxf6 19. Bxd7 Qxd7 20. Qg4 Rd8
21. Rd1 Qd5 22. h3 Qxa2 23. Ra3 Qd5 24. Rxa7 h5 25. Qg3 Rd7 26. Rc1 h4 27. Qg4
Ke7 28. Rc3 Qb5 29. Qxh4 Qxb2 30. Qg3 Qb1+ 31. Kh2 Qf5 32. Rc7 Qd5 33. Raxb7
1-0

[Event "First Saturday FM-A Oct 2013"]
[Site "Budapest"]
[Date "2013.10.05"]
[Round "1.2"]
[White "Jensen, Leif"]
[Black "Ortel, Endre"]
[Result "1-0"]
[WhiteElo "2001"]
[BlackElo "2208"]
[PlyCount "49"]
[EventDate "2013.10.05"]

1. e4 e6 2. d4 d5 3. Nd2 Nf6 4. e5 Nfd7 5. c3 c5 6. f4 Nc6 7. Ndf3 Qb6 8. g3
cxd4 9. cxd4 Bb4+ 10. Kf2 f6 11. Kg2 a5 12. Bd3 O-O 13. h4 Rf7 14. a3 Be7 15.
Bxh7+ Kxh7 16. Ng5+ fxg5 17. hxg5+ Kg8 18. Qh5 Rf5 19. g4 Qxd4 20. Qh8+ Kf7 21.
g6+ Kxg6 22. gxf5+ Kxf5 23. Qh7+ g6 24. Qh3+ Ke4 25. Nf3 1-0

[Event "First Saturday FM-A Oct 2013"]
[Site "Budapest"]
[Date "2013.10.05"]
[Round "1.3"]
[White "Farkas, Richard"]
[Black "Juhasz, Bela"]
[Result "1/2-1/2"]
[WhiteElo "2191"]
[BlackElo "2164"]
[PlyCount "47"]
[EventDate "2013.10.05"]

1. e4 c5 2. Nf3 e6 3. c3 d5 4. exd5 Qxd5 5. d4 cxd4 6. cxd4 Nf6 7. Be2 Be7 8.
Nc3 Qd6 9. O-O O-O 10. a3 Nc6 11. b4 Rd8 12. Be3 Bd7 13. Qd2 Be8 14. Rfd1 Rac8
15. Bf4 Qd7 16. Bb5 Bd6 17. Bg5 Be7 18. Rac1 Qc7 19. Bxf6 Bxf6 20. Ne4 Qe7 21.
Qe3 Nb8 22. Bxe8 Rxe8 23. Nxf6+ Qxf6 24. Ne5 1/2-1/2

[Event "First Saturday FM-A Oct 2013"]
[Site "Budapest"]
[Date "2013.10.06"]
[Round "2.1"]
[White "Krstulovic, Alex"]
[Black "Juhasz, Bela"]
[Result "1/2-1/2"]
[WhiteElo "1975"]
[BlackElo "2164"]
[PlyCount "53"]
[EventDate "2013.10.05"]

1. c4 Nf6 2. Nc3 d5 3. cxd5 Nxd5 4. d4 g6 5. e4 Nxc3 6. bxc3 Bg7 7. Bc4 O-O 8.
Be3 c5 9. Ne2 Nc6 10. O-O Qc7 11. Rc1 Rd8 12. Qd2 Na5 13. Bb3 b6 14. Bh6 Ba6
15. Bxg7 Kxg7 16. Rfd1 Bxe2 17. Qxe2 c4 18. Bc2 e5 19. Qe3 Nb7 20. g3 Rac8 21.
Kg2 Qe7 22. f4 f6 23. Rd2 Rd6 24. Rf1 Rcd8 25. fxe5 fxe5 26. d5 Rf6 27. Rxf6
1/2-1/2

[Event "First Saturday FM-A Oct 2013"]
[Site "Budapest"]
[Date "2013.10.06"]
[Round "2.2"]
[White "Ortel, Endre"]
[Black "Farkas, Richard"]
[Result "0-1"]
[WhiteElo "2208"]
[BlackElo "2191"]
[PlyCount "60"]
[EventDate "2013.10.05"]

1. Nf3 Nf6 2. c4 g6 3. b3 Bg7 4. Bb2 O-O 5. g3 Nc6 6. Bg2 d5 7. cxd5 Nxd5 8.
Bxg7 Kxg7 9. O-O e5 10. d3 Bg4 11. h3 Bxf3 12. Bxf3 Nd4 13. Bxd5 Qxd5 14. Nc3
Qe6 15. Kh2 c5 16. Rc1 b6 17. e4 f5 18. Nd5 Rad8 19. f3 f4 20. gxf4 Rxd5 21.
exd5 Qxd5 22. f5 Rxf5 23. Kg3 Rf4 24. Rf2 Qd8 25. Qf1 Qg5+ 26. Kh2 Qf5 27. Kg3
Rh4 28. Re1 Qf4+ 29. Kg2 Nf5 30. Qh1 Qg5+ 0-1

[Event "First Saturday FM-A Oct 2013"]
[Site "Budapest"]
[Date "2013.10.06"]
[Round "2.3"]
[White "Bohus, Adam"]
[Black "Jensen, Leif"]
[Result "1/2-1/2"]
[WhiteElo "1937"]
[BlackElo "2001"]
[PlyCount "40"]
[EventDate "2013.10.05"]

1. d4 d5 2. Nf3 c6 3. c4 Nf6 4. e3 Bf5 5. Nc3 e6 6. Qb3 Qb6 7. c5 Qc7 8. Be2
Nbd7 9. Nh4 Bg6 10. O-O Be7 11. Nxg6 hxg6 12. g3 O-O-O 13. Bf3 e5 14. Bg2 Rh7
15. h3 Rdh8 16. f4 e4 17. Bd2 Nf8 18. Ne2 Qd7 19. h4 Qg4 20. Qd1 Qf5 1/2-1/2

[Event "First Saturday FM-A Oct 2013"]
[Site "Budapest"]
[Date "2013.10.07"]
[Round "3.1"]
[White "Jensen, Leif"]
[Black "Krstulovic, Alex"]
[Result "0-1"]
[WhiteElo "2001"]
[BlackElo "1975"]
[PlyCount "76"]
[EventDate "2013.10.05"]

1. e4 c5 2. g3 d5 3. d3 dxe4 4. dxe4 Qxd1+ 5. Kxd1 Nc6 6. c3 f5 7. Be3 fxe4 8.
Bxc5 Nf6 9. Nd2 Bf5 10. Ne2 O-O-O 11. Ke1 b6 12. Be3 Ng4 13. Nd4 Nxd4 14. cxd4
Nxe3 15. fxe3 e5 16. Nb3 Bb4+ 17. Kd1 exd4 18. exd4 Be6 19. Rc1+ Kb8 20. Bc4
Bf5 21. Ke2 Rhf8 22. Ke3 Bh3 23. Rhg1 Rf3+ 24. Kxe4 Rf2 25. Bf1 Bf5+ 26. Ke3
Rxb2 27. Rg2 Re8+ 28. Kf4 Rxg2 29. Bxg2 Bg6 30. Bf3 Bd6+ 31. Kg4 Rf8 32. Rc3
Bf5+ 33. Kh5 Bd7 34. g4 Be7 35. g5 Rf5 36. h4 g6+ 37. Kh6 Rf7 38. Bd5 Bf8# 0-1

[Event "First Saturday FM-A Oct 2013"]
[Site "Budapest"]
[Date "2013.10.07"]
[Round "3.2"]
[White "Farkas, Richard"]
[Black "Bohus, Adam"]
[Result "1-0"]
[WhiteElo "2191"]
[BlackElo "1937"]
[PlyCount "91"]
[EventDate "2013.10.05"]

1. e4 c5 2. Nf3 Nc6 3. d4 cxd4 4. Nxd4 Nf6 5. Nc3 e5 6. Ndb5 d6 7. Bg5 a6 8.
Na3 b5 9. Nd5 Be7 10. Bxf6 Bxf6 11. c3 Bg5 12. Be2 O-O 13. Bg4 Ne7 14. Bxc8
Rxc8 15. Nxe7+ Qxe7 16. O-O Rfd8 17. Nc2 a5 18. Qd3 Qb7 19. Rfd1 b4 20. c4 Qb6
21. b3 Qc5 22. Qf3 Rc6 23. Rd5 Qb6 24. Rad1 Ra8 25. Qf5 Be7 26. Rb5 Qa7 27. Ne3
Bf8 28. Nd5 Rb8 29. Rxb8 Qxb8 30. Qd7 Ra6 31. Ne7+ Kh8 32. Nc8 Kg8 33. Rd3 Ra8
34. Nxd6 Ra7 35. Qb5 Qd8 36. c5 Qg5 37. Qc4 Rd7 38. h3 h6 39. Rg3 Qd2 40. Nxf7
Rxf7 41. Rf3 Qd1+ 42. Kh2 Qd7 43. c6 Qc7 44. Rxf7 Qxf7 45. Qxf7+ Kxf7 46. c7
1-0

[Event "First Saturday FM-A Oct 2013"]
[Site "Budapest"]
[Date "2013.10.07"]
[Round "3.3"]
[White "Juhasz, Bela"]
[Black "Ortel, Endre"]
[Result "1-0"]
[WhiteElo "2164"]
[BlackElo "2208"]
[PlyCount "83"]
[EventDate "2013.10.05"]

1. d4 e6 2. c4 Nf6 3. Nf3 b6 4. a3 Bb7 5. Nc3 d5 6. cxd5 Nxd5 7. e3 Be7 8. Bb5+
c6 9. Bd3 O-O 10. O-O c5 11. e4 Nxc3 12. bxc3 cxd4 13. cxd4 Nc6 14. Be3 Rc8 15.
Qe2 Na5 16. Rad1 Rc7 17. Bc1 Qc8 18. d5 exd5 19. e5 Nc4 20. Rfe1 Re8 21. Nd4
Bc5 22. Bf5 Qd8 23. e6 f6 24. Bf4 Rce7 25. Qd3 g6 26. Qg3 Bd6 27. Bc2 a6 28. h4
Rg7 29. Bb3 Bxf4 30. Qxf4 Ne5 31. Rxe5 fxe5 32. Qxe5 Qc7 33. Qe3 Rf8 34. g3 Qd6
35. a4 Re7 36. h5 Bc8 37. Re1 Bxe6 38. Nxe6 Rf6 39. Qg5 Rf5 40. Qe3 Rf6 41. Qd4
Rf5 42. h6 1-0

[Event "First Saturday FM-A Oct 2013"]
[Site "Budapest"]
[Date "2013.10.08"]
[Round "4.1"]
[White "Krstulovic, Alex"]
[Black "Ortel, Endre"]
[Result "1/2-1/2"]
[WhiteElo "1975"]
[BlackElo "2208"]
[PlyCount "159"]
[EventDate "2013.10.05"]

1. d4 e6 2. c4 Nf6 3. Nf3 b6 4. g3 Bb7 5. Bg2 c5 6. d5 exd5 7. Nh4 g6 8. Nc3
Bg7 9. O-O O-O 10. Bg5 h6 11. Bxf6 Qxf6 12. Nxd5 Bxd5 13. Qxd5 Nc6 14. Rad1
Rad8 15. b3 Rfe8 16. e3 Ne5 17. Nf3 d6 18. Nd2 Qe7 19. Ne4 Bf8 20. h3 Nd7 21.
Qb7 Ne5 22. Qxe7 Rxe7 23. Rxd6 Rxd6 24. Nxd6 Rd7 25. Ne4 Kg7 26. f4 Nc6 27. Nf6
Kxf6 28. Bxc6 Rd2 29. Rf2 Rxf2 30. Kxf2 Ke7 31. Kf3 Bg7 32. e4 Bc3 33. e5 Be1
34. g4 f6 35. Ke4 Bf2 36. Kd5 fxe5 37. fxe5 Be1 38. e6 Bg3 39. Bd7 Bf4 40. Kc6
h5 41. gxh5 gxh5 42. Kb7 Kd8 43. a4 Bd2 44. Kxa7 Kc7 45. Bb5 Bg5 46. Ka6 Bd8
47. Bd7 h4 48. Kb5 Be7 49. Bc6 Bd6 50. Bd5 Be7 51. a5 bxa5 52. Kxa5 Bf8 53. Ka4
Be7 54. Ka3 Bf8 55. Ka4 Be7 56. Kb5 Bf8 57. b4 cxb4 58. c5 Be7 59. Kxb4 Bf6 60.
Kb5 Be7 61. Bc6 Bf8 62. Bd7 Be7 63. c6 Kd6 64. Kc4 Bf6 65. Kd3 Bd8 66. Ke4 Be7
67. Kf5 Bd8 68. Kg6 Be7 69. Kf7 Bg5 70. Kf8 Be7+ 71. Ke8 Bg5 72. Kf7 Bd8 73. c7
Kxc7 74. e7 Bxe7 75. Kxe7 Kb7 76. Kd6 Kb6 77. Bc6 Ka6 78. Kc5 Ka7 79. Kd6 Kb6
80. Bh1 1/2-1/2

[Event "First Saturday FM-A Oct 2013"]
[Site "Budapest"]
[Date "2013.10.08"]
[Round "4.2"]
[White "Bohus, Adam"]
[Black "Juhasz, Bela"]
[Result "1/2-1/2"]
[WhiteElo "1937"]
[BlackElo "2164"]
[PlyCount "49"]
[EventDate "2013.10.05"]

1. d4 Nf6 2. c4 e6 3. Nc3 Bb4 4. e3 O-O 5. Nf3 d5 6. Bd3 dxc4 7. Bxc4 Nc6 8.
O-O a6 9. Bd3 Bd6 10. Ne4 Nxe4 11. Bxe4 Bd7 12. Bc2 e5 13. dxe5 Nxe5 14. Nxe5
Bxe5 15. Bxh7+ Kxh7 16. Qh5+ Kg8 17. Qxe5 Re8 18. Qg3 Re6 19. Kh1 Bb5 20. Rg1
Rg6 21. Qf4 Rf6 22. Qg3 Rg6 23. Qh4 Be2 24. b3 Qd6 25. Bb2 1/2-1/2

[Event "First Saturday FM-A Oct 2013"]
[Site "Budapest"]
[Date "2013.10.08"]
[Round "4.3"]
[White "Jensen, Leif"]
[Black "Farkas, Richard"]
[Result "0-1"]
[WhiteElo "2001"]
[BlackElo "2191"]
[PlyCount "100"]
[EventDate "2013.10.05"]

1. e4 c5 2. g3 d5 3. d3 Nc6 4. c3 dxe4 5. dxe4 Qxd1+ 6. Kxd1 f5 7. Be3 fxe4 8.
Nd2 Nf6 9. Bg2 Bf5 10. Bxc5 O-O-O 11. Bh3 g6 12. Bxf5+ gxf5 13. Kc2 Bh6 14. Nb3
b6 15. Ba3 a5 16. Rf1 a4 17. Nc1 Ng4 18. Kb1 Rd2 19. Nge2 Rhd8 20. h3 Nge5 21.
b3 axb3 22. axb3 R8d7 23. Bb2 Nf3 24. g4 f4 25. h4 e5 26. Ng1 Bf8 27. Nxf3 exf3
28. b4 e4 29. Nb3 Re2 30. Nc1 Ne5 31. Re1 Rdd2 32. Nxe2 Rxe2 33. Bc1 Nd3 34.
Rxe2 fxe2 35. Bxf4 e1=Q+ 36. Rxe1 Nxe1 37. Be3 b5 38. h5 Kd7 39. Kb2 Ke6 40.
Kb3 Kd5 41. g5 Nf3 42. Bf4 Be7 43. g6 hxg6 44. hxg6 Bf8 45. Bg3 Bg7 46. Bf4 Nh4
47. Be3 Nxg6 48. Bc5 Nf4 49. Be3 Nd3 50. Bb6 Bf6 0-1

[Event "First Saturday FM-A Oct 2013"]
[Site "Budapest"]
[Date "2013.10.09"]
[Round "5.1"]
[White "Farkas, Richard"]
[Black "Krstulovic, Alex"]
[Result "1-0"]
[WhiteElo "2191"]
[BlackElo "1975"]
[PlyCount "59"]
[EventDate "2013.10.05"]

1. e4 c6 2. Ne2 d5 3. e5 Bf5 4. Ng3 Bg6 5. h4 h5 6. d4 e6 7. Be2 c5 8. Bxh5
Bxh5 9. Nxh5 cxd4 10. Qg4 g6 11. Nf4 Nh6 12. Qe2 Nf5 13. g3 Qc7 14. Nd3 Nd7 15.
Bg5 Rc8 16. g4 Nh6 17. O-O Bg7 18. f4 Nc5 19. Nd2 Qc6 20. Bf6 Bxf6 21. exf6 Ne4
22. Nxe4 dxe4 23. Ne5 Qd5 24. Rfd1 e3 25. c3 Nf5 26. gxf5 Rxh4 27. Qg2 Qxg2+
28. Kxg2 Rxf4 29. fxe6 fxe6 30. f7+ 1-0

[Event "First Saturday FM-A Oct 2013"]
[Site "Budapest"]
[Date "2013.10.09"]
[Round "5.2"]
[White "Juhasz, Bela"]
[Black "Jensen, Leif"]
[Result "1/2-1/2"]
[WhiteElo "2164"]
[BlackElo "2001"]
[PlyCount "49"]
[EventDate "2013.10.05"]

1. Nf3 d5 2. d4 c6 3. c4 Nf6 4. Nc3 e6 5. e3 Nbd7 6. Bd3 Bd6 7. Qc2 O-O 8. O-O
dxc4 9. Bxc4 e5 10. Rd1 Qe7 11. e4 exd4 12. Nxd4 Ne5 13. Be2 Ng6 14. g3 Re8 15.
Bf3 Bc5 16. Bg5 h6 17. Be3 Ng4 18. Nf5 Bxf5 19. Bxc5 Qxc5 20. exf5 N6e5 21. Bg2
Rad8 22. h3 Nf6 23. Rac1 Rxd1+ 24. Rxd1 Ned7 25. Qd3 1/2-1/2

[Event "First Saturday FM-A Oct 2013"]
[Site "Budapest"]
[Date "2013.10.09"]
[Round "5.3"]
[White "Ortel, Endre"]
[Black "Bohus, Adam"]
[Result "1-0"]
[WhiteElo "2208"]
[BlackElo "1937"]
[PlyCount "123"]
[EventDate "2013.10.05"]

1. e4 c5 2. Nf3 Nc6 3. g3 g6 4. Bg2 Bg7 5. O-O e5 6. d3 Nge7 7. Be3 d6 8. c3
O-O 9. d4 exd4 10. cxd4 d5 11. exd5 Nxd5 12. Nc3 Nxe3 13. fxe3 cxd4 14. exd4
Nxd4 15. Nxd4 Qxd4+ 16. Kh1 Qxd1 17. Raxd1 Bxc3 18. bxc3 Rb8 19. Bd5 b6 20.
Rfe1 Bf5 21. Re7 a5 22. Rd4 Rbc8 23. c4 Be6 24. Bxe6 fxe6 25. Rdd7 Rf1+ 26. Kg2
Rc1 27. Rg7+ Kh8 28. Rxh7+ Kg8 29. Rdg7+ Kf8 30. Rxg6 Rc2+ 31. Kh3 Rxa2 32.
Rxe6 Rc2 33. Rxb6 R2xc4 34. Ra6 Kg8 35. Rha7 Rc2 36. Rxa5 R8c6 37. Ra8+ Kg7 38.
R5a7+ Kg6 39. Ra6 Kg5 40. Rxc6 Rxc6 41. Ra5+ Kg6 42. g4 Rc2 43. Rf5 Ra2 44. Kg3
Ra3+ 45. Rf3 Ra1 46. Rb3 Rg1+ 47. Kh4 Ra1 48. Rb6+ Kg7 49. Kh5 Ra5+ 50. g5 Ra7
51. h4 Rc7 52. Rg6+ Kh7 53. Rf6 Kg7 54. Kg4 Ra7 55. Rf3 Rc7 56. Rf4 Rc1 57. h5
Rc5 58. h6+ Kg6 59. Rf6+ Kh7 60. Kh5 Ra5 61. Rf7+ Kg8 62. Re7 1-0

[Event "First Saturday FM-A Oct 2013"]
[Site "Budapest"]
[Date "2013.10.11"]
[Round "6.1"]
[White "Krstulovic, Alex"]
[Black "Bohus, Adam"]
[Result "1-0"]
[WhiteElo "1975"]
[BlackElo "1937"]
[PlyCount "57"]
[EventDate "2013.10.05"]

1. d4 d5 2. Nf3 Nf6 3. c4 dxc4 4. e3 e6 5. Bxc4 a6 6. O-O b5 7. Bb3 Bb7 8. a4
Nbd7 9. Qe2 c5 10. Nbd2 Qb8 11. e4 cxd4 12. axb5 d3 13. Qxd3 axb5 14. Rxa8 Qxa8
15. e5 Nd5 16. Bxd5 Bxd5 17. Qxb5 Be7 18. Rd1 Bc6 19. Qc4 O-O 20. Nf1 Rc8 21.
Qf4 Qb8 22. Ng3 Qb3 23. Re1 Qb7 24. Ng5 Bxg5 25. Qxg5 Nf8 26. Nh5 Ng6 27. Rd1
h6 28. Rd8+ Kh7 29. Nf6+ 1-0

[Event "First Saturday FM-A Oct 2013"]
[Site "Budapest"]
[Date "2013.10.11"]
[Round "6.2"]
[White "Ortel, Endre"]
[Black "Jensen, Leif"]
[Result "1/2-1/2"]
[WhiteElo "2208"]
[BlackElo "2001"]
[PlyCount "54"]
[EventDate "2013.10.05"]

1. e4 e6 2. d4 d5 3. Nd2 dxe4 4. Nxe4 Nd7 5. Bd3 Ngf6 6. Qe2 c5 7. dxc5 Nxe4 8.
Bxe4 Bxc5 9. Nf3 Qc7 10. Bd2 Qb6 11. O-O Be7 12. b4 Bf6 13. c3 Qc7 14. a4 O-O
15. a5 Rb8 16. Ra3 Rd8 17. Be3 b6 18. a6 Nf8 19. Nd4 Bd7 20. b5 e5 21. Nc6 Bxc6
22. Bxc6 Ne6 23. Ra2 Be7 24. Rd1 Rxd1+ 25. Qxd1 Rd8 26. Rd2 Rxd2 27. Qxd2 Bc5
1/2-1/2

[Event "First Saturday FM-A Oct 2013"]
[Site "Budapest"]
[Date "2013.10.12"]
[Round "7.1"]
[White "Juhasz, Bela"]
[Black "Krstulovic, Alex"]
[Result "1/2-1/2"]
[WhiteElo "2164"]
[BlackElo "1975"]
[PlyCount "47"]
[EventDate "2013.10.05"]

1. d4 Nf6 2. c4 e6 3. Nf3 Bb4+ 4. Bd2 c5 5. Bxb4 cxb4 6. Qd3 d6 7. e4 O-O 8.
Be2 Nc6 9. O-O e5 10. d5 Nb8 11. c5 Nbd7 12. cxd6 Nc5 13. Qc4 Qxd6 14. Qxb4
Nfxe4 15. Nc3 Nxc3 16. Qxc3 e4 17. Qe5 Qxe5 18. Nxe5 Rd8 19. Rad1 Nd7 20. Nc4
Nf6 21. d6 Be6 22. Ne5 Ne8 23. Rd4 Rxd6 24. Rxe4 1/2-1/2

[Event "First Saturday FM-A Oct 2013"]
[Site "Budapest"]
[Date "2013.10.12"]
[Round "7.2"]
[White "Farkas, Richard"]
[Black "Ortel, Endre"]
[Result "1/2-1/2"]
[WhiteElo "2191"]
[BlackElo "2208"]
[PlyCount "57"]
[EventDate "2013.10.05"]

1. e4 e6 2. d4 d5 3. e5 c5 4. Nf3 cxd4 5. Bd3 Nc6 6. O-O f6 7. Bb5 Bd7 8. Bxc6
bxc6 9. Qxd4 c5 10. Qg4 f5 11. Qg3 Ne7 12. Rd1 Nc6 13. a3 Qe7 14. Nc3 Qf7 15.
Nxd5 exd5 16. e6 Bxe6 17. Ng5 Qd7 18. Re1 Nd8 19. Nxe6 Nxe6 20. Qe5 O-O-O 21.
Qxe6 Bd6 22. Bg5 Rde8 23. Qxd7+ Kxd7 24. Kf1 Rxe1+ 25. Rxe1 Re8 26. Rxe8 Kxe8
27. h3 Kd7 28. Ke2 Kc6 29. a4 1/2-1/2

[Event "First Saturday FM-A Oct 2013"]
[Site "Budapest"]
[Date "2013.10.12"]
[Round "7.3"]
[White "Jensen, Leif"]
[Black "Bohus, Adam"]
[Result "0-1"]
[WhiteElo "2001"]
[BlackElo "1937"]
[PlyCount "64"]
[EventDate "2013.10.05"]

1. e4 e5 2. Nc3 Nf6 3. f4 d5 4. fxe5 Nxe4 5. Nf3 Be7 6. d4 c5 7. Bb5+ Nc6 8.
Qe2 Nxc3 9. bxc3 O-O 10. Bxc6 bxc6 11. O-O Qa5 12. Qe1 Ba6 13. Rf2 Rab8 14. h3
cxd4 15. cxd4 Qxe1+ 16. Nxe1 Bh4 17. Ba3 Bxf2+ 18. Kxf2 Rfe8 19. Bc5 Rb7 20.
Ke3 Bc4 21. Kd2 a6 22. Nf3 Rb2 23. a3 Reb8 24. Bd6 Rb1 25. Rxb1 Rxb1 26. Nh4
Rf1 27. Kc3 Rf2 28. g4 g6 29. Kb4 Bf1 30. c3 Bxh3 31. Kc5 Bxg4 32. Kxc6 g5 0-1

[Event "First Saturday FM-A Oct 2013"]
[Site "Budapest"]
[Date "2013.10.13"]
[Round "8.1"]
[White "Krstulovic, Alex"]
[Black "Jensen, Leif"]
[Result "1/2-1/2"]
[WhiteElo "1975"]
[BlackElo "2001"]
[PlyCount "73"]
[EventDate "2013.10.05"]

1. d4 d5 2. c4 c6 3. Nc3 Nf6 4. Nf3 e6 5. Bg5 Nbd7 6. e3 Qa5 7. cxd5 exd5 8.
Bd3 Bd6 9. O-O h6 10. Bh4 O-O 11. a3 a6 12. b4 Qc7 13. Qb3 Ng4 14. Bg3 b5 15.
Rfc1 Bxg3 16. hxg3 Qb7 17. e4 Nb6 18. a4 dxe4 19. Bxe4 Be6 20. Qc2 Nd5 21. Bxd5
cxd5 22. axb5 axb5 23. Qd3 Rxa1 24. Rxa1 Ra8 25. Re1 Rb8 26. Nd2 Qc6 27. f3 Nf6
28. Kf2 Qd6 29. Rb1 Nh5 30. Nf1 Nf6 31. Ne3 Qc6 32. Ra1 Ne8 33. g4 Nd6 34. Rc1
Qa6 35. Qd2 Rc8 36. Qa2 Qb6 37. Qd2 1/2-1/2

[Event "First Saturday FM-A Oct 2013"]
[Site "Budapest"]
[Date "2013.10.13"]
[Round "8.2"]
[White "Bohus, Adam"]
[Black "Farkas, Richard"]
[Result "1-0"]
[WhiteElo "1937"]
[BlackElo "2191"]
[PlyCount "54"]
[EventDate "2013.10.05"]

1. d4 Nf6 2. c4 g6 3. f3 e5 4. dxe5 Nh5 5. Nh3 Bb4+ 6. Bd2 Qe7 7. e4 Bxd2+ 8.
Qxd2 Qxe5 9. Nc3 d6 10. Nd5 Bxh3 11. gxh3 Na6 12. O-O-O c6 13. f4 Qe6 14. Nc3
Rd8 15. Rg1 O-O 16. f5 Qe5 17. Kb1 Nf6 18. Bd3 Nc5 19. Bc2 a6 20. Qh6 Rd7 21.
h4 Nfxe4 22. Nxe4 Nxe4 23. h5 Qxf5 24. Rdf1 Qe6 25. hxg6 hxg6 26. Rf4 Nd2+ 27.
Kc1 Nxc4 1-0

[Event "First Saturday FM-A Oct 2013"]
[Site "Budapest"]
[Date "2013.10.13"]
[Round "8.3"]
[White "Ortel, Endre"]
[Black "Juhasz, Bela"]
[Result "1/2-1/2"]
[WhiteElo "2208"]
[BlackElo "2164"]
[PlyCount "29"]
[EventDate "2013.10.05"]

1. Nf3 Nf6 2. c4 g6 3. Nc3 d5 4. cxd5 Nxd5 5. g3 Bg7 6. Bg2 O-O 7. O-O Nb6 8.
d3 N8d7 9. Be3 Nf6 10. Qd2 Nbd5 11. Bh6 Bg4 12. Bxg7 Kxg7 13. h3 Bxf3 14. Bxf3
c6 15. Nxd5 1/2-1/2

[Event "First Saturday FM-A Oct 2013"]
[Site "Budapest"]
[Date "2013.10.14"]
[Round "9.1"]
[White "Ortel, Endre"]
[Black "Krstulovic, Alex"]
[Result "1-0"]
[WhiteElo "2208"]
[BlackElo "1975"]
[PlyCount "87"]
[EventDate "2013.10.05"]

1. e4 c5 2. Nf3 d6 3. d3 g6 4. g3 Bg7 5. Bg2 e5 6. O-O Nc6 7. c3 Nge7 8. Be3
O-O 9. Qd2 f5 10. Na3 Kh8 11. Nc2 Be6 12. Rfd1 b6 13. Ng5 Bg8 14. d4 fxe4 15.
Nxe4 cxd4 16. cxd4 d5 17. Nc3 e4 18. Rf1 Nf5 19. f3 Re8 20. Bg5 e3 21. Bxd8
exd2 22. Bg5 Ncxd4 23. Nb4 Ne2+ 24. Nxe2 Rxe2 25. Rad1 Bxb2 26. Rxd2 Rxd2 27.
Bxd2 Re8 28. Rd1 Re2 29. Nc6 d4 30. Bf1 Re8 31. Nxa7 Bxa2 32. Bg5 Bd5 33. Nb5
Kg7 34. Nc7 Bf7 35. Nxe8+ Bxe8 36. Rb1 Bc3 37. Rxb6 Bf7 38. Rb7 Kf8 39. Bf6 Bd5
40. Rxh7 Bb4 41. Kf2 Kg8 42. Rd7 Be6 43. Rb7 Bc5 44. Bd3 1-0

[Event "First Saturday FM-A Oct 2013"]
[Site "Budapest"]
[Date "2013.10.14"]
[Round "9.2"]
[White "Juhasz, Bela"]
[Black "Bohus, Adam"]
[Result "0-1"]
[WhiteElo "2164"]
[BlackElo "1937"]
[PlyCount "60"]
[EventDate "2013.10.05"]

1. d4 d5 2. Nf3 Nf6 3. c4 dxc4 4. e3 e6 5. Bxc4 a6 6. O-O c5 7. Bb3 b5 8. Qe2
Bb7 9. Rd1 Nbd7 10. a4 Qb8 11. Nbd2 Bd6 12. h3 O-O 13. e4 cxd4 14. Nxd4 bxa4
15. Bxa4 Nc5 16. Bc6 Be5 17. Bxb7 Qxb7 18. N4f3 Bf4 19. e5 Nd5 20. Ra3 Bxd2 21.
Nxd2 Qb5 22. Qg4 Ne7 23. Nc4 Nf5 24. Nd6 Nxd6 25. Bh6 Nf5 26. Bxg7 h5 27. Qg5
Ne4 28. Qxh5 Nxg7 29. Qg4 Nxf2 30. Qf3 Nxd1 0-1

[Event "First Saturday FM-A Oct 2013"]
[Site "Budapest"]
[Date "2013.10.14"]
[Round "9.3"]
[White "Farkas, Richard"]
[Black "Jensen, Leif"]
[Result "1-0"]
[WhiteElo "2191"]
[BlackElo "2001"]
[PlyCount "83"]
[EventDate "2013.10.05"]

1. e4 e6 2. d4 d5 3. e5 c5 4. c3 Qb6 5. Nf3 Bd7 6. Be2 Bb5 7. c4 Bxc4 8. Bxc4
dxc4 9. d5 exd5 10. Qxd5 Ne7 11. Qxc4 h6 12. Nc3 Nbc6 13. O-O Qb4 14. Qxb4 Nxb4
15. Nb5 Ned5 16. a3 Nc6 17. Rd1 O-O-O 18. Bd2 a6 19. Nc3 Nxc3 20. Bxc3 Be7 21.
e6 f6 22. Nh4 Rxd1+ 23. Rxd1 Rd8 24. Rxd8+ Kxd8 25. f4 b5 26. Nf5 Bf8 27. Kf2
b4 28. axb4 cxb4 29. Bd4 Kc7 30. Ke3 g6 31. Nh4 g5 32. Ng6 Be7 33. f5 Kd6 34.
Ke4 Bd8 35. h3 a5 36. b3 a4 37. bxa4 b3 38. Bb2 Kc5 39. a5 Bxa5 40. e7 Nxe7 41.
Nxe7 Kc4 42. Nd5 1-0

[Event "First Saturday FM-A Oct 2013"]
[Site "Budapest"]
[Date "2013.10.15"]
[Round "10.1"]
[White "Krstulovic, Alex"]
[Black "Farkas, Richard"]
[Result "1-0"]
[WhiteElo "1975"]
[BlackElo "2191"]
[PlyCount "73"]
[EventDate "2013.10.05"]

1. c4 Nf6 2. g3 g6 3. Nc3 d5 4. cxd5 Nxd5 5. d3 Nxc3 6. bxc3 Bg7 7. Bd2 O-O 8.
Bg2 e5 9. Nf3 c5 10. O-O Nc6 11. Rb1 c4 12. dxc4 Qc7 13. c5 Bf5 14. Rb5 a6 15.
Rb6 Rfd8 16. Qb3 Rd7 17. Be3 Be6 18. Qb2 Na5 19. Ng5 Bd5 20. Bxd5 Rxd5 21. Qb4
Nc6 22. Qh4 h6 23. Ne4 g5 24. Qh5 Rf8 25. Nd6 Nd8 26. Nf5 f6 27. Nxh6+ Bxh6 28.
Qxh6 Nc6 29. Qg6+ Kh8 30. Qh5+ Kg7 31. Rfb1 Rd7 32. h4 Rh8 33. Qg4 Kf8 34. Rxb7
Rd1+ 35. Kg2 Qd8 36. Rxd1 Qxd1 37. Qc8+ 1-0

[Event "First Saturday FM-A Oct 2013"]
[Site "Budapest"]
[Date "2013.10.15"]
[Round "10.2"]
[White "Jensen, Leif"]
[Black "Juhasz, Bela"]
[Result "1/2-1/2"]
[WhiteElo "2001"]
[BlackElo "2164"]
[PlyCount "116"]
[EventDate "2013.10.05"]

1. e4 c5 2. g3 d5 3. d3 dxe4 4. dxe4 Qxd1+ 5. Kxd1 Nf6 6. f3 Nc6 7. c3 Be6 8.
Be3 O-O-O+ 9. Kc2 Nd7 10. Nh3 Nce5 11. Nd2 Bxh3 12. Bxh3 e6 13. f4 Nc6 14. e5
Nb6 15. Ne4 Nc4 16. Rhe1 Nxe3+ 17. Rxe3 Be7 18. Rd1 Rxd1 19. Kxd1 Rd8+ 20. Kc2
Kc7 21. Rd3 Rxd3 22. Kxd3 h6 23. Bg2 b5 24. Nd2 c4+ 25. Ke2 f5 26. exf6 gxf6
27. Bxc6 Kxc6 28. g4 Kd5 29. Kf3 f5 30. h3 a5 31. Nf1 fxg4+ 32. hxg4 Bf6 33.
Ne3+ Kc5 34. Nc2 b4 35. cxb4+ axb4 36. b3 cxb3 37. axb3 Bc3 38. Ke4 Bf6 39. Ne1
Bc3 40. Nd3+ Kd6 41. Nf2 Be1 42. Nd1 Bd2 43. Nb2 Bc3 44. Nc4+ Ke7 45. Ne5 Kf6
46. Nf3 Ke7 47. Ne5 Kf6 48. Nc6 Bd2 49. Kf3 Bc3 50. Ke3 Kg6 51. Nd4 Kf6 52. Ne2
Be1 53. Nc1 Bc3 54. Nd3 Kg6 55. Nc5 Kf7 56. Ne4 Bb2 57. Nf2 Bc1+ 58. Ke4 Bd2
1/2-1/2